• AIU
  • Tony Wilmot Memorial Library

Anglo-Saxon Teutonic images of the peoples of the Sudan, 1772-1881. (Record no. 64355)

MARC details
000 -LEADER
fixed length control field 00761cam a2200241 4500
001 - CONTROL NUMBER
control field 332183
005 - DATE AND TIME OF LATEST TRANSACTION
control field 20170619150201.0
008 - FIXED-LENGTH DATA ELEMENTS--GENERAL INFORMATION
fixed length control field 750909s1969 sj b 000 0 eng
010 ## - LIBRARY OF CONGRESS CONTROL NUMBER
LC control number 75316838
040 ## - CATALOGING SOURCE
Original cataloging agency DLC
Transcribing agency DLC
Modifying agency DLC
043 ## - GEOGRAPHIC AREA CODE
Geographic area code e------
-- f-sj---
050 00 - LIBRARY OF CONGRESS CALL NUMBER
Classification number DT132
Item number .A65
082 00 - DEWEY DECIMAL CLASSIFICATION NUMBER
Classification number 962.4/02
100 1# - MAIN ENTRY--PERSONAL NAME
Personal name Ali, Abbas Ibrahim Muhammad.
245 10 - TITLE STATEMENT
Title Anglo-Saxon Teutonic images of the peoples of the Sudan, 1772-1881.
260 ## - PUBLICATION, DISTRIBUTION, ETC. (IMPRINT)
Place of publication, distribution, etc [Khartoum]
Name of publisher, distributor, etc Sudan Research Unit, University of Khartoum,
Date of publication, distribution, etc 1969.
300 ## - PHYSICAL DESCRIPTION
Extent 35 l.
Dimensions 26 cm.
440 #0 - SERIES STATEMENT/ADDED ENTRY--TITLE
Title African studies seminar paper
Volume number/sequential designation no. 6
650 #0 - SUBJECT ADDED ENTRY--TOPICAL TERM
Topical term or geographic name as entry element Ethnology
Geographic subdivision Sudan.
651 #0 - SUBJECT ADDED ENTRY--GEOGRAPHIC NAME
Geographic name Sudan
General subdivision Foreign public opinion, European.
906 ## - LOCAL DATA ELEMENT F, LDF (RLIN)
a 7
b cbc
c orignew
d 4
e ncip
f 19
g y-gencatlg
942 ## - ADDED ENTRY ELEMENTS (KOHA)
Source of classification or shelving scheme
Holdings
Withdrawn status Lost status Source of classification or shelving scheme Damaged status Not for loan Collection code Home library Current library Shelving location Date acquired Source of acquisition Cost, normal purchase price Total Checkouts Full call number Barcode Date last seen Copy number Price effective from Koha item type
    Library of Congress Classification     Special Collection AIU/NEGST - Tony Wilmot Memorial Library AIU/NEGST - Tony Wilmot Memorial Library Special Collection 06/21/2016 Donation- SIL Sudan 10.00   S DT 132 .A65 1969 R34778W3232 09/26/2019 1 07/06/2018 Special Collection